[Event "37th Andorra Open 2019"]
[Site "Caldea"]
[Date "2019.07.31"]
[Round "4.3"]
[White "Narciso Dublan, Marc"]
[Black "Admiraal, Miguoel"]
[Result "1/2-1/2"]
[WhiteElo "2489"]
[BlackElo "2504"]
[Annotator "TA"]
[PlyCount "134"]
[EventDate "2018.07.21"]
[EventType "swiss"]
[EventCountry "AND"]

{[%evp 15,134,31,34,35,45,0,0,3,13,0,15,0,19,18,28,18,66,69,94,72,72,73,76,56,59,11,14,15,18,0,16,0,4,4,21,0,2,0,0,0,11,12,11,21,12,0,21,0,20,21,28,3,41,21,21,24,49,49,54,17,33,11,47,41,40,13,16,8,25,0,0,0,0,0,0,0,0,0,0,0,8,8,8,8,8,8,8,0,0,0,0,0,8,0,8,0,0,0,0,0,0,0,0,0,0,0,0,0,0,0,0,0,0,0,0,0,0,0,0,0,0]} 1. d4 d5 2. c4 c6 3. Nf3 Nf6 4. e3 Bf5 5. Nc3 e6 6. Nh4 Be4 7. f3 Bg6 8. Qb3 Qc7 9. Bd2 {D12: Slav Defence: 3 Nf3 Nf6 4 e3 Bf5} Be7 10. cxd5 cxd5 (10... Nxd5 11. Nxg6 hxg6 12. O-O-O Nd7 13. Nxd5 cxd5+ 14. Kb1 a6 15. Rc1 Qb8 16. Bb4 a5 {½-½ (51) Eljanov,P (2680)-Postny,E (2623) chess.com INT 2019}) 11. Nxg6 hxg6 12. O-O-O Nc6 13. Kb1 Rc8 14. Rc1 O-O 15. Qd1 Rfd8 $146 ({Predecessor:} 15... e5 16. g4 Rcd8 {0-1 (41) Verstraeten,R (2356)-Ducarmon,Q (2483) Netherlands 2019}) 16. g4 Qd7 17. h4 Na5 18. h5 {Hoping for hxg6.} g5 19. Rc2 Nc4 20. Bxc4 Rxc4 21. Qe2 Rdc8 22. Rhc1 a6 23. Qd3 b5 24. b3 Qb7 25. Ka1 ({Wrong is} 25. Nxd5 $2 Nxd5 26. bxc4 bxc4+ 27. Rb2 {[#]} Qxb2+ $1 {[%mdl 512]} 28. Kxb2 Rb8+ 29. Kc2 cxd3+ $19) 25... R4c6 {Strongly threatening ...Ba3.} 26. Ne2 Nd7 27. Kb1 Nb6 28. Rxc6 Rxc6 29. Rxc6 Qxc6 30. Qc3 Qb7 31. Nc1 Nd7 32. Nd3 Bd6 33. Qc2 Qc7 34. Bb4 Qxc2+ 35. Kxc2 Bxb4 36. Nxb4 $11 {[%mdl 4096] Endgame KN-KN} Nb8 $1 37. a3 a5 38. Nd3 Kf8 39. f4 gxf4 40. Nxf4 Nc6 41. Kd3 Ne7 42. e4 g5 {The position is equal.} 43. Ne2 dxe4+ 44. Kxe4 Nd5 45. Ng3 a4 46. bxa4 bxa4 47. Kd3 f5 48. gxf5 exf5 49. Nxf5 {Threatens to win with Kc4.} Nf4+ 50. Kc4 {h6 is the strong threat.} Nxh5 51. Kb5 g4 52. Kxa4 g3 53. Nh4 Ke8 54. Kb5 Kd7 55. a4 {[%cal Ba3a4,Ba4a5,Ba5a6,Ba6a7][%mdl 32]} Nf4 56. a5 g2 {[#]} 57. Nxg2 $1 {[%mdl 512]} Nxg2 {KN-KPP} 58. Kb6 Nf4 59. a6 Nd5+ 60. Kb7 Nc7 61. a7 Kd6 62. Kc8 Na8 63. Kb8 Nc7 64. Kb7 Kd7 65. d5 Kd6 66. Kb8 Kd7 67. Kb7 Kd6 {Accuracy: White = 51%, Black = 60%.} 1/2-1/2

[Event "37th Andorra Open 2019"]
[Site "Caldea"]
[Date "2019.07.30"]
[Round "4.4"]
[White "Ruiz Castillo, Joshua Daniel"]
[Black "Aloma Vidal, Robert"]
[Result "1/2-1/2"]
[WhiteElo "2501"]
[BlackElo "2419"]
[Annotator "ChessBase"]
[PlyCount "86"]
[EventDate "2018.07.21"]
[EventType "swiss"]
[EventCountry "AND"]
[SourceTitle "playchess.com"]
[Source "ChessBase"]
[SourceQuality "1"]
[TimeControl "40/5400+30:1800+30"]

1. Nf3 {[%emt 0:12:39]} Nf6 {[%emt 0:00:36]} 2. g3 {[%emt 0:00:10]} g6 {[%emt 0:00:30]} 3. Bg2 {[%emt 0:00:05]} Bg7 {[%emt 0:00:04]} 4. O-O {[%emt 0:00:04]} O-O {[%emt 0:01:07]} 5. c4 {[%emt 0:00:02]} d6 {[%emt 0:02:18]} 6. d4 {[%emt 0:00:06]} Nbd7 {[%emt 0:01:12]} 7. Nc3 {[%emt 0:00:09]} e5 {[%emt 0:00:12]} 8. e4 {[%emt 0:02:06]} exd4 {[%emt 0:05:59]} 9. Nxd4 {[%emt 0:00:49]} Re8 {[%emt 0:00:07]} 10. h3 {[%emt 0:00:56]} Nc5 {[%emt 0:00:36]} 11. Re1 {[%emt 0:00:07]} Bd7 {[%emt 0:00:59]} 12. Nb3 {[%emt 0:25:26]} Na4 {[%emt 0:10:34]} 13. e5 {[%emt 0:17:08]} Nxc3 {[%emt 0:07:28]} 14. bxc3 {[%emt 0:00:01]} Rxe5 {[%emt 0:03:01]} 15. Rxe5 {[%emt 0:00:04]} dxe5 {[%emt 0:00:07]} 16. Bxb7 {[%emt 0:00:01]} Rb8 {[%emt 0:16:50]} 17. Bg2 {[%emt 0:00:08]} Qc8 {[%emt 0:08:08]} 18. Kh2 {[%emt 0:01:05]} e4 {[%emt 0:06:33]} 19. Be3 {[%emt 0:01:10]} a6 {[%emt 0:00:58]} 20. Nc5 {[%emt 0:00:30]} Bc6 {[%emt 0:01:00]} 21. Rb1 {[%emt 0:00:30]} Ra8 {[%emt 0:03:07]} 22. Qc2 {[%emt 0:00:33]} Qf5 {[%emt 0:03:11]} 23. Nb3 {[%emt 0:05:37]} Bd7 {[%emt 0:04:52]} 24. Nc5 {[%emt 0:07:38]} Bc6 {[%emt 0:00:17]} 25. Qd1 {[%emt 0:00:49]} h5 {[%emt 0:02:05]} 26. Nb3 {[%emt 0:00:28]} Bd7 {[%emt 0:01:15]} 27. Nd4 {[%emt 0:01:27]} Qa5 {[%emt 0:00:33]} 28. Rb7 {[%emt 0:03:01]} Rc8 {[%emt 0:06:55]} 29. Qc2 {[%emt 0:03:41]} h4 {[%emt 0:00:16]} 30. Bf4 {[%emt 0:01:50]} hxg3+ {[%emt 0:01:11]} 31. fxg3 {[%emt 0:00:01]} Qc5 {[%emt 0:05:28]} 32. Nb3 {[%emt 0:02:26]} Qxc4 {[%emt 0:00:37]} 33. Rb4 {[%emt 0:00:37]} Qc6 {[%emt 0:01:17]} 34. Nd2 {[%emt 0:00:56]} Be6 {[%emt 0:00:48]} 35. Ra4 {[%emt 0:05:36]} Rb8 {[%emt 0:02:02]} 36. Nxe4 {[%emt 0:01:05]} Nxe4 {[%emt 0:00:10]} 37. Bxe4 {[%emt 0:00:04]} Qxc3 {[%emt 0:00:47]} 38. Qxc3 {[%emt 0:00:03]} Bxc3 {[%emt 0:00:05]} 39. Rxa6 {[%emt 0:00:01]} Rb2+ {[%emt 0:02:08]} 40. Kh1 {[%emt 0:00:00]} Rxa2 {[%emt 0:00:00]} 41. Rxa2 {[%emt 0:00:12]} Bxa2 {[%emt 0:04:03]} 42. Bxc7 {[%emt 0:00:03]} Be6 {[%emt 0:00:07]} 43. h4 {[%emt 0:00:11]} Kg7 {[%emt 0:00:43]} 1/2-1/2

[Event "37th Andorra Open 2019"]
[Site "Caldea"]
[Date "2019.07.30"]
[Round "4.5"]
[White "Kirk, Ezra"]
[Black "Peralta, Fernando"]
[Result "0-1"]
[WhiteElo "2420"]
[BlackElo "2562"]
[Annotator "TA"]
[PlyCount "165"]
[EventDate "2018.07.21"]
[EventType "swiss"]
[EventCountry "AND"]
[SourceTitle "playchess.com"]
[Source "ChessBase"]
[SourceQuality "1"]

{[%evp 15,165,22,46,26,18,15,22,32,13,9,6,0,8,7,14,0,8,8,8,10,14,0,0,-6,-13,-9,-9,-20,-14,-17,-6,-31,-10,-22,-16,-23,-20,-47,-52,-51,-24,-24,-24,-29,-29,-23,-18,-26,-18,-66,-60,-71,-71,-75,-79,-75,-74,-208,-185,-275,-219,-281,-267,-256,-238,-504,-468,-486,-491,-482,-474,-451,-412,-385,-327,-962,-914,-835,-769,-1650,-1621,-1797,-1386,-2391,-2620,-2560,-2293,-1900,-1346,-5923,-6548,-12832,-6165,-29959,-1987,-5206,-29964,-5193,-9874,-29968,-29970,-29972,-29971,-29972,-29971,-29973,-29974,-29974,-29975,-29975,-29976,-29976,-29977,-29977,-29978,-29978,-29979,-29979,-29980,-29982,-29980,-29980,-29981,-29981,-29982,-29981,-29982,-29982,-29983,-29983,-29984,-29988,-29985,-29985,-29984,-29989,-29990,-29990,-29989,-29989,-29990,-29990,0,-29986,-29987,-29987,-29988,-29988,-29989,-29989,-29988,-29992]} 1. e4 e6 2. d4 d5 3. Nc3 Nf6 4. Bg5 dxe4 5. Nxe4 Nbd7 6. Nf3 h6 7. Nxf6+ Nxf6 8. Bh4 c5 9. Be2 {C10: French with 3 Nc3: Unusual Black 3rd moves and 3...dxe4} Be7 10. dxc5 Qa5+ 11. c3 {The position is equal.} Qxc5 12. O-O O-O 13. Bd3 $146 ({Predecessor:} 13. Qc2 b6 14. b4 Qc7 15. Nd4 Bb7 16. Bg3 Bd6 {½-½ (42) Socko,B (2646)-Goloshchapov,A (2563) Germany 2007}) 13... b6 14. Qe2 Bb7 15. Rad1 Rad8 16. Ne5 Rfe8 17. Rfe1 Qc8 18. a4 Rd5 19. Bc2 Rxd1 20. Rxd1 Rd8 21. Bb3 Rxd1+ 22. Qxd1 Qc5 23. Qe2 Ne4 24. Bxe7 Qxe7 25. Bc2 Qg5 {And now ...Nxc3! would win.} 26. Bxe4 Bxe4 {[%csl Ge4][%cal Rg5g2]} 27. f3 Bd5 28. c4 Bb7 29. Nd3 Qh4 30. b3 Qd4+ 31. Nf2 e5 32. h3 f5 33. Qd3 Qxd3 34. Nxd3 $17 {[%mdl 4096] Endgame KB-KN} e4 35. Ne5 g5 36. a5 (36. b4 $17 {might work better.}) 36... bxa5 $19 37. c5 (37. fxe4 $142 Bxe4 38. Kf2) 37... exf3 38. c6 Ba6 39. gxf3 Kf8 40. Kf2 $2 (40. f4 {was called for.}) 40... f4 41. h4 Ke7 42. h5 {[#]} Bc8 $1 43. Ke2 Be6 {Strongly threatening ...Kd6.} 44. c7 Kd6 45. c8=Q $2 (45. Nf7+ Kxc7 46. Nxh6) 45... Bxc8 46. Nf7+ Ke7 47. Nxh6 Be6 48. Ng4 Bxb3 49. Nf2 a4 50. Kd2 Bd5 51. h6 Kf6 52. h7 Kg7 53. Nh3 Bxf3 54. Nxg5 Bd5 55. Kc3 a3 {[%cal Ba4a3,Ba3a2][%mdl 32]} 56. Kc2 Bc4 57. Kc3 Kh8 58. Kc2 a6 {[%cal Ba7a6,Ba6a5,Ba5a4,Ba4a3][%mdl 32]} 59. Kc3 a2 60. Kb2 Bd5 61. Ka1 a5 62. Kb2 a4 63. Ka1 a3 64. Nf7+ Kxh7 65. Ne5 Kg7 66. Ng4 f3 67. Nf2 Kg6 68. Nd3 Kf5 69. Nf2 Bc4 70. Ng4 Kf4 71. Nf2 Ke3 72. Ng4+ Ke2 73. Ne3 Bd3 74. Ng4 Bb1 ({Weaker is} 74... f2 {[#]} 75. Nxf2 $1 {[%mdl 512]} Kxf2 76. Kxa2 $11) 75. Ne3 f2 76. Nf1 Bg6 77. Nh2 Bf7 78. Nf1 Bg6 79. Nh2 $1 Bf5 {Black mates.} 80. Kxa2 Ke3 81. Kxa3 Kf4 82. Kb2 Bd3 83. Nf1 {Accuracy: White = 38%, Black = 88%.} 0-1

[Event "37th Andorra Open 2019"]
[Site "Caldea"]
[Date "2019.07.30"]
[Round "4.6"]
[White "Kharitonov, Alexandr"]
[Black "Vega Gutierrez, Sabrina"]
[Result "1/2-1/2"]
[WhiteElo "2540"]
[BlackElo "2385"]
[Annotator "TA"]
[PlyCount "126"]
[EventDate "2018.07.21"]
[EventType "swiss"]
[EventCountry "AND"]
[SourceTitle "playchess.com"]
[Source "ChessBase"]
[SourceQuality "1"]

{[%evp 10,126,22,29,43,28,43,43,51,32,39,33,46,41,61,24,39,50,41,44,45,19,30,20,33,18,45,27,35,25,42,48,41,53,45,12,25,5,0,15,26,20,97,93,87,94,124,100,107,107,109,109,108,106,83,16,92,0,0,0,0,0,0,-12,0,4,55,55,57,55,55,55,90,90,90,43,44,10,10,10,10,10,51,51,51,51,51,51,51,51,51,51,94,80,80,0,44,44,44,44,51,0,38,36,52,0,0,0,0,0,0,0,0,0,0,0,0,0,0]} 1. d4 d5 2. c4 e6 3. Nf3 c6 4. Nbd2 Nf6 5. e3 c5 6. cxd5 Nxd5 {D30: Queen's Gambit Declined: Systems without Nc3} 7. e4 Nb6 (7... Nf6 8. dxc5 Bxc5 9. e5 Nd5 10. Bc4 O-O 11. O-O Nc6 12. Ne4 Be7 13. Qe2 Qc7 14. Ng3 a6 15. Bd2 Rd8 16. Rac1 b5 17. Bd3 Bb7 18. Bb1 Rd7 19. h4 Qd8 {½-½ (70) Zidu,J (2602)-Zhak,B (2597) ICCF email 2015}) 8. dxc5 Bxc5 {White is slightly better.} 9. Be2 Nc6 10. O-O O-O 11. Nb3 $146 ({Predecessor:} 11. Qc2 Bd6 12. Rd1 e5 13. Nb3 Qc7 14. Be3 {1-0 (46) Ordaz Valdes,L (2363)-Romero Nunez,W (2101) Pinar del Rio 2014}) 11... Bd6 12. a4 {[#] Strongly threatening a5.} Qe7 13. Bg5 f6 14. Be3 Rd8 15. Qc1 Nd7 16. Rd1 Nf8 17. Nbd4 Bd7 18. Qc4 {[#] aiming for Nf5.} Kh8 19. Nb5 Bb4 20. e5 $36 {[%mdl 2048] White has the initiative.} Ng6 21. exf6 gxf6 22. Qg4 a6 23. Nc3 Nce5 24. Qh3 Nxf3+ 25. Bxf3 ({Much worse is} 25. gxf3 Rac8 $15) 25... e5 (25... Be8 $11) 26. Qh5 $16 {Nd5 is the strong threat.} Bxc3 27. bxc3 Be6 28. Be4 Qf7 29. Rab1 Bd5 30. Bxd5 Rxd5 31. Rxd5 Qxd5 32. Qf5 (32. g3 $16) 32... Kg7 (32... Qxg2+ $1 $11 {keeps the balance.} 33. Kxg2 Nh4+ {[%mdl 64] Double Attack} 34. Kh3 Nxf5) 33. Qf3 (33. g3 $16) 33... Qxf3 $11 34. gxf3 {[%mdl 4096] Endgame KRB-KRN} b5 35. axb5 axb5 36. Rxb5 Ra1+ 37. Kg2 Nf4+ ({Black should play} 37... Nh4+ $11 38. Kh3 Nf5) 38. Bxf4 $1 $14 exf4 {KR-KR} 39. Kh3 Rc1 40. Rc5 Rc2 41. Kg4 Kg6 42. Kxf4 Rxf2 43. h4 {And now h5+ would win.} h5 $1 44. Rc4 Rh2 45. Ke3 Kf5 46. Rf4+ Ke5 47. Re4+ Kd6 $1 48. c4 Rh1 49. Rd4+ Ke6 $1 50. Kd2 Rh3 51. Ke2 Rh1 52. Kf2 (52. Kd3 $16) 52... Rh2+ 53. Kg3 $1 {[%cal Rg3h2]} Rh1 54. Kg2 Rc1 55. Kf2 (55. Rd5 $14) 55... Ke5 56. Re4+ Kd6 57. Kg2 (57. Kg3 $1 $14) 57... f5 $1 $11 {The position is equal.} 58. Re8 $1 Rxc4 59. Kh3 f4 60. Rh8 Rc5 61. Rh6+ Ke7 62. Ra6 Rc3 63. Rh6 Rxf3+ {Accuracy: White = 61%, Black = 58%.} 1/2-1/2

[Event "37th Andorra Open 2019"]
[Site "Caldea"]
[Date "2019.07.31"]
[Round "4.7"]
[White "Fluvia Poyatos, Jordi"]
[Black "Thybo, Jesper Sondergaard"]
[Result "0-1"]
[WhiteElo "2455"]
[BlackElo "2528"]
[Annotator "TA"]
[PlyCount "68"]
[EventDate "2018.07.21"]
[EventType "swiss"]
[EventCountry "AND"]

{[%evp 27,72,-10,-2,-45,-16,-20,-22,-27,-26,-49,-12,-62,-56,-50,-50,-43,-42,-27,-39,-36,-23,-35,-29,-54,-54,-58,0,-103,-82,-417,-180,-158,-162,-137,-78,-899,-854,-6929,-5397,-29984,-29984,-29995,-29996,-29996,-29997,-29997,-29998]} 1. d4 Nf6 2. c4 e6 3. Nc3 Bb4 4. Nf3 O-O 5. Bg5 h6 6. Bh4 b6 7. e3 g5 8. Bg3 Ne4 9. Qc2 Bb7 10. Bd3 f5 11. O-O Bxc3 12. bxc3 d6 13. Nd2 Nxd2 14. Qxd2 Nd7 {[%cal Bb8d7,Bd7f6,Bf6e4][%mdl 32]} 15. f4 {E13: Queen's Indian/Nimzo-Indian hybrid: 4 Nc3 Bb7 5 Bg5 h6 6 Bh4 Bb4} Qe8 $146 ({Predecessor:} 15... Qe7 16. Rae1 Qh7 17. Qc2 Nf6 18. d5 Rae8 19. fxg5 hxg5 20. Qa4 Nd7 21. Qc2 Nc5 22. Qb1 Qg7 {0-1 (51) Kazimova,N (2302)-Tan,Z (2475) Baku 2016}) 16. Rae1 Qg6 $1 17. Qc2 {The position is equal.} Nf6 18. c5 Ne4 19. Qa4 (19. cxd6 {is more complex.} cxd6 20. c4 Rf7 21. fxg5 hxg5 22. Bxe4 Bxe4 23. Qd2) 19... bxc5 20. Bxe4 Bxe4 21. dxc5 h5 22. fxg5 Qxg5 {Hoping for ...h4.} 23. Rf4 $1 e5 24. Rh4 Rab8 {And now ...Rb2 would win.} 25. cxd6 cxd6 {...Rb2 is the strong threat.} 26. Qc4+ d5 (26... Rf7 $1 $15 27. Qe2 Rh7) 27. Qc7 (27. Qe2 $1 $11 {was the only way to keep the balance.}) 27... Rfe8 $40 {[%mdl 128] Strongly threatening ...Rb2. Black attacks with force.} 28. Re2 $2 {[%mdl 8192]} (28. Rxe4 $17 {is more resistant.} fxe4 29. Qc6) 28... Qg7 (28... Rb1+ $142 29. Kf2 Qg6) 29. Qc6 $19 {[#]} Rbc8 $1 {[%cal Rc8c6]} 30. Qb5 Qg6 ({Better is} 30... a6 31. Qa5 Rc4) 31. Rh3 $2 {[%mdl 8192]} (31. Rxe4 $17 dxe4 32. Bxe5) 31... Rb8 32. Qd7 Rb1+ 33. Kf2 {[#]} f4 $1 {[%mdl 512] Black mates.} 34. exf4 Qb6+ 0-1

[Event "37th Andorra Open 2019"]
[Site "Caldea"]
[Date "2019.07.30"]
[Round "4.8"]
[White "Arizmendi Martinez, Julen Luis"]
[Black "Van der Lende, Ilias"]
[Result "1-0"]
[WhiteElo "2512"]
[BlackElo "2350"]
[Annotator "ChessBase"]
[PlyCount "43"]
[EventDate "2018.07.21"]
[EventType "swiss"]
[EventCountry "AND"]
[SourceTitle "playchess.com"]
[Source "ChessBase"]
[SourceQuality "1"]
[TimeControl "40/5400+30:1800+30"]

1. e4 {[%emt 0:03:45]} e6 {[%emt 0:00:00]} 2. d4 {[%emt 0:00:10]} d5 {[%emt 0:00:00]} 3. Nd2 {[%emt 0:00:09]} c5 {[%emt 0:00:55]} 4. exd5 {[%emt 0:00:33]} Qxd5 {[%emt 0:01:40]} 5. Ngf3 {[%emt 0:01:02]} cxd4 {[%emt 0:00:07]} 6. Bc4 {[%emt 0:00:15]} Qd8 {[%emt 0:02:23]} 7. O-O {[%emt 0:01:16]} Nf6 {[%emt 0:01:04]} 8. Nb3 {[%emt 0:00:55]} Be7 {[%emt 0:00:24]} 9. Qe2 {[%emt 0:14:17]} a6 {[%emt 0:11:04]} 10. Nbxd4 {[%emt 0:05:43]} b5 {[%emt 0:04:50]} 11. Bb3 {[%emt 0:01:02]} Bb7 {[%emt 0:00:24]} 12. Bxe6 {[%emt 0:12:59]} fxe6 {[%emt 0:07:31]} 13. Nxe6 {[%emt 0:00:42]} Qb6 {[%emt 0:00:28]} 14. Nxg7+ {[%emt 0:09:53]} Kd8 {[%emt 0:00:48]} 15. Rd1+ {[%emt 0:12:05]} Nbd7 {[%emt 0:07:38]} 16. Ne5 {[%emt 0:00:57]} Bd5 {[%emt 0:05:21]} 17. Bg5 {[%emt 0:07:25]} Rg8 {[%emt 0:10:33]} 18. Nxd7 {[%emt 0:03:56]} Kxd7 {[%emt 0:00:37]} 19. Bxf6 {[%emt 0:01:09]} Qxf6 {[%emt 0:04:00]} 20. Rxd5+ {[%emt 0:00:09]} Kc6 {[%emt 0:00:04]} 21. Qe4 {[%emt 0:00:28]} Qh4 {[%emt 0:00:18]} 22. Qe6+ {[%emt 0:00:31]} 1-0

[Event "37th Andorra Open 2019"]
[Site "Caldea"]
[Date "2019.07.31"]
[Round "5.1"]
[White "Thybo, Jesper Sondergaard"]
[Black "Lagarde, Maxime"]
[Result "0-1"]
[WhiteElo "2528"]
[BlackElo "2597"]
[Annotator "TA"]
[PlyCount "58"]
[EventDate "2018.07.21"]
[EventType "swiss"]
[EventCountry "AND"]
[SourceTitle "playchess.com"]
[Source "ChessBase"]
[SourceQuality "1"]

{[%evp 9,58,-15,0,-6,-16,-13,0,-12,12,16,26,-13,-13,-29,-24,-25,0,-4,0,-77,-58,-115,-112,-127,-101,-106,-91,-149,-130,-143,-102,-147,-127,-144,-149,-460,-456,-466,-445,-428,-419,-439,-446,-439,-439,-425,-427,-650,-653,-652,-635]} 1. d4 Nf6 2. c4 g6 3. Nc3 d5 4. Nf3 Bg7 5. h4 dxc4 6. e4 {D90: Grünfeld: 4 Nf3 Bg7 sidelines} c5 7. d5 b5 {next ...b4 is good for Black.} 8. h5 $1 {The position is equal.} Nxh5 9. Nxb5 O-O 10. Nc3 Bg4 11. Bxc4 Nd7 12. Qc2 $146 ({Predecessor:} 12. Be2 Rb8 {½-½ (60) Mamedyarov,S (2759)-Vachier Lagrave,M (2742) Bilbao 2013}) 12... Bxf3 13. gxf3 Nb6 14. Bb5 {[#]} (14. Be2 $11 {remains equal.}) 14... e6 $1 $17 15. Be3 (15. dxe6 $1 $15 fxe6 16. Be2) 15... exd5 16. Bxc5 d4 17. Ne2 ({But not} 17. Bxf8 $2 Qxf8 18. Kf1 dxc3 $19) 17... Rc8 {Threatens to win with ...d3!} 18. Rc1 {[#]} (18. Rd1 $142) 18... Qg5 $1 19. Rg1 Qh4 20. b4 Rfd8 21. Rd1 Qh2 22. Qd2 $2 {[%mdl 8192] [#]} (22. Kf1 $17 {is more resistant.}) 22... d3 $1 $19 {[%mdl 512]} 23. Rf1 (23. Bxd3 Na4) 23... Nd7 24. Qxd3 Nxc5 {[%mdl 64] Discovered Attack} 25. Qxd8+ Rxd8 {Black is clearly winning.} 26. Rxd8+ Bf8 27. bxc5 Qc7 $1 {[%csl LRc5,LRd8][%mdl 64] Double Attack} 28. Rd3 (28. Rd2 $142 Qa5 29. Bc4) 28... Qa5+ {[%mdl 64] Double Attack} 29. Nc3 Nf4 {Accuracy: White = 37%, Black = 87%.} 0-1

[Event "37th Andorra Open 2019"]
[Site "Caldea"]
[Date "2019.07.31"]
[Round "5.2"]
[White "Peralta, Fernando"]
[Black "Ruiz Castillo, Joshua Daniel"]
[Result "1/2-1/2"]
[WhiteElo "2562"]
[BlackElo "2501"]
[Annotator "TA"]
[PlyCount "55"]
[EventDate "2018.07.21"]
[EventType "swiss"]
[EventCountry "AND"]
[SourceTitle "playchess.com"]
[Source "ChessBase"]
[SourceQuality "1"]

{[%evp 22,55,11,23,24,34,41,41,50,73,65,49,56,45,50,50,51,31,25,25,33,19,45,41,45,41,45,50,50,50,54,27,29,0,40,0]} 1. d4 d5 2. c4 c6 3. Nf3 Nf6 4. Nc3 e6 5. e3 Nbd7 6. Qc2 Bd6 7. b3 O-O 8. Be2 e5 9. cxd5 cxd5 10. Nb5 Bb4+ 11. Bd2 Bxd2+ 12. Nxd2 e4 {D45: Semi-Slav: 5 e3} (12... a6 13. dxe5 Nxe5 14. Nd4 Bg4 15. Bxg4 Nfxg4 16. h3 Rc8 17. Qb1 Rc1+ 18. Qxc1 Nd3+ 19. Ke2 Nxc1+ 20. Rhxc1 Nf6 {0-1 (37) Postny,E (2623)-Robson,R (2667) chess.com INT 2019}) 13. O-O a6 14. Nc7 Ra7 15. Rfc1 $146 ({Predecessor:} 15. Rac1 Qe7 16. Qc3 Qd6 17. f3 Nb8 18. fxe4 dxe4 19. Ne8 Rxe8 20. Qxc8 {1-0 (73) Rademakers,E (2097)-In't Veld,D (2146) Venlo 2007}) 15... Qe7 16. Qc3 b6 17. b4 {[%cal Bb3b4,Bb4b5][%mdl 32]} Bb7 18. b5 a5 19. Rc2 g6 20. Rac1 Kg7 21. a4 Nb8 22. Qb3 h5 23. h3 Rc8 24. Rc3 Rd8 25. Qc2 Nbd7 26. Qd1 Nf8 27. Qc2 N8d7 28. Qd1 {Accuracy: White = 69%, Black = 88%.} 1/2-1/2

[Event "37th Andorra Open 2019"]
[Site "Caldea"]
[Date "2019.07.31"]
[Round "5.3"]
[White "Admiraal, Miguoel"]
[Black "Kogan, Arthur"]
[Result "1/2-1/2"]
[WhiteElo "2504"]
[BlackElo "2535"]
[Annotator "TA"]
[PlyCount "44"]
[EventDate "2018.07.21"]
[EventType "swiss"]
[EventCountry "AND"]
[SourceTitle "playchess.com"]
[Source "ChessBase"]
[SourceQuality "1"]

{[%evp 9,44,0,0,0,0,0,12,9,23,17,12,16,27,-36,0,0,0,0,0,0,0,-2,0,0,0,0,11,0,17,12,10,0,0,0,7,7,6]} 1. c4 e5 2. Nc3 d6 3. Nf3 f5 4. g3 c6 (4... Be7 5. Bg2 Nf6 6. d3 O-O 7. O-O Kh8 8. b4 Qe8 9. Bg5 Nbd7 10. Rc1 h6 11. Bd2 c6 12. e3 g5 13. Ne2 e4 14. Ne1 Ne5 15. Bc3 g4 16. dxe4 fxe4 {1-0 (49) Aronian,L (2780)-Short,N (2652) Douglas 2018}) 5. d4 e4 $1 {[%cal Re4f3]} 6. Nh4 {A21: English Opening: 1...e5 2 Nc3} Be7 7. Ng2 $146 ({Predecessor:} 7. d5 Bf6 8. Be3 Ne7 9. Ng2 Ng6 10. Nf4 O-O 11. Qd2 c5 {0-1 (55) Strahlberger,M (2241)-Koenig,U (2443) Remote email 2013}) 7... Nf6 8. Bg5 Ng4 9. Bxe7 Qxe7 10. e3 Na6 {[%cal Bb8a6,Ba6c7,Bc7e6][%mdl 32]} 11. f3 (11. Be2 $11) 11... Nf6 (11... exf3 {is more complex.} 12. Qxf3 O-O 13. O-O-O Rb8 14. Bd3 b5) 12. Be2 {The position is equal.} exf3 13. Bxf3 O-O 14. O-O Nc7 15. Qd3 Ne6 16. h4 Bd7 17. Rae1 g6 18. b4 Ng7 19. Nf4 Rae8 20. e4 fxe4 21. Nxe4 Nxe4 22. Bxe4 ({Reject} 22. Qxe4 Qf6 $17) 22... Ne6 {Accuracy: White = 73%, Black = 39%.} 1/2-1/2

[Event "37th Andorra Open 2019"]
[Site "Caldea"]
[Date "2019.07.31"]
[Round "5.4"]
[White "Roselli Mailhe, Bernardo"]
[Black "Arizmendi Martinez, Julen Luis"]
[Result "0-1"]
[WhiteElo "2471"]
[BlackElo "2512"]
[Annotator "TA"]
[PlyCount "86"]
[EventDate "2018.07.21"]
[EventType "swiss"]
[EventCountry "AND"]
[SourceTitle "playchess.com"]
[Source "ChessBase"]
[SourceQuality "1"]

{[%evp 12,86,17,18,10,10,18,11,24,9,34,0,0,3,0,0,18,17,24,12,10,17,22,0,19,27,31,22,31,29,79,-8,-7,-4,0,0,0,0,5,-60,-50,-53,-41,-102,-100,-85,-46,-51,-44,-93,-104,-101,-108,-138,-137,-198,-178,-517,-521,-519,-518,-500,-487,-481,-466,-620,-584,-640,-643,-824,-829,-871,-892,-955,-933,-1206,-1118]} 1. d4 d5 2. c4 e6 3. Nc3 Bb4 4. Qa4+ Nc6 5. e3 Nf6 6. Bd2 O-O 7. Nf3 dxc4 {D38: Queen's Gambit Declined: Ragozin Defence (4 Nf3 Bb4)} 8. Bxc4 a6 9. a3 Bd6 {The position is equal.} 10. Qc2 e5 11. d5 Ne7 12. O-O b5 $146 ({Predecessor:} 12... h6 13. h3 b5 14. Ba2 Bb7 15. e4 {½-½ (41) Lupulescu,C (2634)-Vajda,L (2613) Mamaia 2013}) 13. Ba2 Bf5 14. e4 Bd7 15. Rac1 Ng6 16. Ne2 a5 17. Ne1 Qb8 18. Bg5 b4 19. Bxf6 gxf6 20. a4 b3 21. Qxb3 ({Better is} 21. Bxb3 $16 Qb4 22. Qd3) 21... Qxb3 $11 22. Bxb3 Rfb8 23. Rc3 Rb4 24. Ng3 Nf4 $36 {[%mdl 2048] Black has good play.} 25. Nd3 (25. Nc2 $11 Rb6 26. Re1) 25... Nxd3 $15 26. Rxd3 Rab8 27. Bd1 (27. Nh5 $15 Be7 28. Bc2) 27... Rxb2 $17 28. Nh5 Be7 29. Rc3 R8b7 30. Bc2 Kf8 31. Rc1 Bb4 32. Rd3 {[#]} Ke7 $1 33. h3 (33. Bd1 $17) 33... f5 $19 34. Rdd1 $2 {[#]} (34. Ng3 {is a better chance.}) 34... Rxc2 $1 {[%mdl 512] Black is clearly winning.} 35. Rxc2 Bxa4 36. Rdc1 Bxc2 37. Rxc2 fxe4 {[%mdl 4096] Endgame KRB-KRN} 38. Ng3 Kd6 39. Nxe4+ Kxd5 40. f3 a4 {[%cal Ba5a4,Ba4a3][%mdl 32]} 41. Kf2 a3 42. Ke2 Ra7 43. Ra2 Kc4 {Accuracy: White = 38%, Black = 80%.} 0-1